Advanced Engineering Mathematics: International Student Version (Record no. 14706)
[ view plain ]
| 000 -LEADER | |
|---|---|
| fixed length control field | 00472nam a22001697a 4500 |
| 020 ## - INTERNATIONAL STANDARD BOOK NUMBER | |
| ISBN | 9788126554232 |
| 082 ## - DEWEY DECIMAL CLASSIFICATION NUMBER | |
| Classification number | 519.0624 |
| Item number | KRE/AD |
| 100 ## - MAIN ENTRY--AUTHOR NAME | |
| Personal name | Kreyszig,Erwin |
| 100 ## - MAIN ENTRY--AUTHOR NAME | |
| Personal name | Kreyszig,Herbert |
| 100 ## - MAIN ENTRY--AUTHOR NAME | |
| Personal name | Norminton,Edward J. |
| 245 ## - TITLE STATEMENT | |
| Title | Advanced Engineering Mathematics: International Student Version |
| 250 ## - EDITION STATEMENT | |
| Edition statement | 10th |
| 260 ## - PUBLICATION, DISTRIBUTION, ETC. (IMPRINT) | |
| Place of publication | New Delhi |
| Name of publisher | Wiley |
| Year of publication | 2015 |
| 300 ## - PHYSICAL DESCRIPTION | |
| Number of Pages | 1001, A1 - I27 |
| 500 ## - GENERAL NOTE | |
| General note | International Student Version |
| 942 ## - ADDED ENTRY ELEMENTS (KOHA) | |
| Koha item type | Books |
| Withdrawn status | Lost status | Damaged status | Home library | Current library | Shelving location | Date acquired | Source of acquisition | Cost, normal purchase price | Full call number | Accession Number | Koha item type |
|---|---|---|---|---|---|---|---|---|---|---|---|
| KAUAET | KAUAET | Scheme | 19/08/2016 | Penta Books Distributors, Calicut. | 759.00 | 519.0624 KRE/AD | BB 407 | Book Bank scheme for SC students | |||
| KAUAET | KAUAET | Scheme | 11/07/2022 | TBS Publishers Distributors | 1069.00 | 519.0624 KRE/AD | BB 630 | Book Bank scheme for SC students |
